Eastern Utah Libraries Catalog: Duchesne, Heber, Roosevelt, & Vernal

Rise of the light bringer / (Record no. 375757)

MARC details
000 -LEADER
fixed length control field 01673cam a2200373 i 4500
001 - CONTROL NUMBER
control field 1288345620
003 - CONTROL NUMBER IDENTIFIER
control field OCoLC
005 - DATE AND TIME OF LATEST TRANSACTION
control field 20220726140516.0
008 - FIXED-LENGTH DATA ELEMENTS--GENERAL INFORMATION
fixed length control field 211213s2021 txu 000 1 eng d
020 ## - INTERNATIONAL STANDARD BOOK NUMBER
International Standard Book Number 9781737867524
Qualifying information (paperback)
020 ## - INTERNATIONAL STANDARD BOOK NUMBER
International Standard Book Number 1737867524
Qualifying information (paperback)
035 ## - SYSTEM CONTROL NUMBER
System control number (OCoLC)1288345620
040 ## - CATALOGING SOURCE
Original cataloging agency IY5
Language of cataloging eng
Description conventions rda
Transcribing agency IY5
Modifying agency OCLCF
-- OCLCO
092 ## - LOCALLY ASSIGNED DEWEY CALL NUMBER (OCLC)
Classification number junior
100 1# - MAIN ENTRY--PERSONAL NAME
Personal name Dekker, Ted,
Dates associated with a name 1962-
Relator term author.
9 (RLIN) 406
245 10 - TITLE STATEMENT
Title Rise of the light bringer /
Statement of responsibility, etc Ted Dekker & Rachelle Dekker.
264 #1 - Production, Publication, Distribution, Manufacture, and Copyright Notice.
Place of production, publication, distribution, manufacture Irving, TX :
Name of producer, publisher, distributor, manufacturer Scripturo,
Date of production, publication, distribution, manufacture, or copyr 2021.
300 ## - PHYSICAL DESCRIPTION
Extent 193 pages ;
Dimensions 21 cm.
336 ## - Content Type
Content type term text
337 ## - Media type
Media type term unmediated
338 ## - Carrier type
Carrier type term volume
490 1# - SERIES STATEMENT
Series statement And they found dragons ;
Volume number/sequential designation 3.
500 ## - GENERAL NOTE
General note Cover art and design by Manuel Preitano.
520 ## - SUMMARY, ETC.
Summary, etc "In the epic conclusion, Rise of the Light Bringer, Jack must face the greatest darkness this world has ever known. Only by discovering the greatest Truth himself, and stepping into the Light will he find the strength to do what only he can. But will he rise up? There is no Plan B. No rescue party. Humanity's future hangs by a frayed thread and the clock is ticking down to the final face off." -- from teddekker.com.
650 #0 - SUBJECT ADDED ENTRY--TOPICAL TERM
Topical term or geographic name as entry element Dragons
Form subdivision Juvenile fiction.
9 (RLIN) 5673921
650 #0 - SUBJECT ADDED ENTRY--TOPICAL TERM
Topical term or geographic name as entry element Adventure stories
Form subdivision Juvenile fiction.
9 (RLIN) 5766234
655 #7 - INDEX TERM--GENRE/FORM
Genre/form data or focus term Fiction.
Source of term fast
9 (RLIN) 5673940
655 #7 - INDEX TERM--GENRE/FORM
Genre/form data or focus term Juvenile works.
Source of term fast
9 (RLIN) 5673941
700 1# - ADDED ENTRY--PERSONAL NAME
Personal name Dekker, Rachelle,
Relator term author.
9 (RLIN) 5686048
700 1# - ADDED ENTRY--PERSONAL NAME
Personal name Preitano, Manuel,
Relator term illustrator.
9 (RLIN) 5814359
800 1# - SERIES ADDED ENTRY--PERSONAL NAME
Personal name Dekker, Ted.
Title of a work And they found dragons ;
Volume/sequential designation 3.
9 (RLIN) 6452141
907 ## - LOCAL DATA ELEMENT G, LDG (RLIN)
a .b462254677
942 ## - ADDED ENTRY ELEMENTS (KOHA)
Source of classification or shelving scheme Dewey Decimal Classification
Koha item type BOOK
Holdings
Withdrawn status Lost status Source of classification or shelving scheme Damaged status Not for loan Collection code Home library Current library Shelving location Date acquired Source of acquisition Serial Enumeration / chronology Total Checkouts Total Renewals Full call number Barcode Date last seen Date checked out Cost, replacement price Price effective from Koha item type
    Dewey Decimal Classification     Junior Fiction Wasatch County Library Wasatch County Library Main Floor Junior Area 09/09/2022 Donation #3 And They Found Dragons 3 2 J Dekker 34301001862913 11/07/2025 11/04/2025 13.00 09/09/2022 BOOK
This project was made possible through a grant from the Institute of Museum and Library Service administered by the Utah State Library Division.

Wasatch County Library

  • 465 East 1200 South, Heber City, Utah 84032
  • Phone 435-654-1511 | Fax 435-654-6456

Hours

  • Monday - Friday 9:30 AM - 8:00 PM
  • Saturday 9:30 AM - 1:30 PM
  • Closed Sundays and Holidays